000
00277nam a22001337a 4500
008
221005b ||||| |||| 00| 0 eng d
041
_a
eng
080
_a
61
082
_a
61 HARR
100
_a
4
101
_a
MJEKSI
245
_a
THE RED CELL
_c
HARRIS W.J
942
_2
udc
_c
BK
999
_c
58350
_d
58350